书目信息 |
| 题名: |
中国英语教学
|
|
| 作者: | 许国璋 主编 | |
| 分册: | ||
| 出版信息: | 北京 外语教学与研究出版社 1996.9 |
|
| 页数: | 704页 | |
| 开本: | 32开 | |
| 丛书名: | ||
| 单 册: | ||
| 中图分类: | H319-53 | |
| 科图分类: | ||
| 主题词: | 英语-语言教学--学术会议-文集 | |
| 电子资源: | ||
| ISBN: | 7-5600-0995-6 | |
| 000 | 00805nam0 2200217 45 | |
| 001 | 0005250963 | |
| 005 | 20031219104045.4 | |
| 010 | @a7-5600-0995-6@b精装@dCNY32.80 | |
| 100 | @a20000525d1996 km y0chiy0120 ea | |
| 101 | 0 | @achi |
| 105 | @a z 000yy | |
| 200 | 1 | @a中国英语教学@dELT IN CHINA 1992-PAPERS FROM TIANJIN CONFERENCE@AZhong Guo Ying Yu Jiao Xue@e天津研讨会论文集@ETian Jin Yan Tao Hui Lun Wen Ji@f许国璋主编@FXu Guo Zhang Zhu Bian |
| 210 | @a北京@c外语教学与研究出版社@d1996.9 | |
| 215 | @a704页@d32开 | |
| 510 | @aELT IN CHINA 1992-PAPERS FROM TIANJIN CONFERENCE | |
| 517 | @a天津研讨会论文集@ATian Jin Yan Tao Hui Lun Wen Ji | |
| 606 | 0 | @a英语-语言教学@x学术会议-文集 |
| 690 | @aH319-53@v1 | |
| 701 | 0 | @a许国璋@4主编 |
| 801 | @aCN@bTSTC@c20000525 | |
| 905 | @b288679@dH319-53@e45@f1 | |
| 中国英语教学=ELT IN CHINA 1992-PAPERS FROM TIANJIN CONFERENCE:天津研讨会论文集/许国璋主编.-北京:外语教学与研究出版社,1996.9 |
| 704页;32开 |
| ←并列题名:ELT IN CHINA 1992-PAPERS FROM TIANJIN CONFERENCE |
| ISBN 7-5600-0995-6(精装):CNY32.80 |
| ● |
| 相关链接 |
|
|
|
|
正题名:中国英语教学
索取号:H319-53/45
 
预约/预借
| 序号 | 登录号 | 条形码 | 馆藏地/架位号 | 状态 | 备注 |
| 1 | 0288679 | 002886791 | 第二样本阅览室/ [索取号:H319-53/45] | 在馆 |